Statistics for Answers Contain the Number Two

Click here to take the quiz!

General Stats

  • This quiz has been taken 51,269 times
    (17,763 since last reset)
  • The average score is 13 of 20

Answer Stats

ClueAnswer% Correct
They don't make a rightTwo Wrongs
92%
It started on September 1, 1939World War II
86%
What a bad dancer hasTwo Left Feet
84%
Second-highest Michelin ratingTwo Star
83%
What Bactrian camels haveTwo Humps
83%
Rapper killed in 19962Pac
79%
All I want for Christmas is my ...Two Front Teeth
77%
One's personal opinionTwo Cents
77%
Fellowship of the Ring sequelThe Two Towers
71%
Country western danceTwo-step
70%
Political system of Democrats
and Republicans
Two Party
68%
Are better than oneTwo Heads
67%
What a bird in hand is worthTwo in the Bush
66%
Dickens novelTale of Two Cities
65%
Harvey DentTwo-Face
59%
Attack of the ClonesEpisode Two
41%
Type of simple internal
combustion engine
Two Stroke
39%
Siskel and Ebert ratingTwo Thumbs Up
37%
Slang for 25 centsTwo Bits
33%
Famous self-portrait by KahloThe Two Fridas
7%

Score Distribution

Percentile by Number Answered

Percent of People with Each Score

Your Score History

You have not taken this quiz since the last reset